| 000 | 00779nam a2200205 i 4500 | ||
|---|---|---|---|
| 001 | 160680 | ||
| 003 | ES-MaACL | ||
| 005 | 20250808063540.0 | ||
| 008 | 990323s1860 sp |||| | spa d | ||
| 040 |
_aCCPB | B _bspa _cCCPB | B |
||
| 100 | 1 |
_aNieto y Serrano, Matías, _d1813-1902 _9130482 |
|
| 245 | 1 | 0 |
_aEnsayo de medicina general, o sea de filosofía médica / _cpor Matias Nieto Serrano. |
| 260 |
_aMadrid : _b[s.n.], _c1860 ( _fImprenta de Manuel de Rojas) |
||
| 300 |
_a[8], 554 p. ; _c23 cm. |
||
| 530 | _aDisponible en formato digital. | ||
| 650 | 4 |
_aMedicina- _xFilosofía _914906 |
|
| 852 |
_aES-MaACL _jG-13821 _z-- Enc. hol. |
||
| 856 |
_uhttp://bdh-rd.bne.es/viewer.vm?id=0000116676&page=1 _zBiblioteca Digital Hispánica |
||
| 999 |
_c160680 _d160680 |
||